000 01311nam a22002417a 4500
001 BRCA_9284
003 FranzMayer
005 20230724112652.0
008 230721b |||||||| |||| 00| 0 eng d
040 _aMFM
_besp
_cMFM
050 4 _aLE55
_bH46 1785
082 _2BT1103
100 1 _4Autor
_aHenno, Francisci
_928921
240 1 _aTheologia Dogm. Moral et Scholast in gratiam y juvamen Studiose Juventutis Francisscana FF. Minor Recollectorum
_hTomus Septimus. Complectens Tractatus de Sacramentis in genere et specie
_lItaliano
245 0 _aTheologia Dogm. Moral et Scholast in gratiam y juvamen Studiose Juventutis Francisscana FF. Minor Recollectorum
_bTomus Septimus. Complectens Tractatus de Sacramentis in genere et specie
260 _aVenecia, Italia
_bHaeredis Nicolai Pezzana
_c1785
300 _a646 p
_c17 cm
440 _aTheologia Dogm. Moral et Scholast in gratiam y juvamen Studiose Juventutis Francisscana FF. Minor Recollectorum
_nTomus Septimus. Complectens Tractatus de Sacramentis in genere et specie
_pTomo VII
_vVol. VII
_928922
505 0 _aTexto en: italianoDirigido a: teólogos, historiadores, obispos.Incluye índice temático
650 1 _2Religión
_aDoctrinas teológicas
_vTeología católica
_928923
651 2 _2Filosofía
_aÉtica
_vMoral
_928924
942 _2lcc
_cB
999 _c10904
_d10904